Arrêts de L'intercité : Paris, gare d'Austerlitz à Toulouse Matabiau - Statistiques

Statistiques générales
  • Ce quiz a été pris 15 fois
  • Le résultat moyen est 12 sur 16
Statistiques - réponses
Numéro et nom du département "Ville" % Correct
19 Corrèze Brive-La-Gaillarde
100%
36 Indre Châteauroux
100%
45 Loiret Les Aubrais/Orléans
100%
87 Haute-Vienne Limoges-Bénédictins
100%
75 Paris Paris Austerlitz
100%
31 Haute-Garonne Toulouse-Matabiau
100%
82 Tarn et Garonne Montauban
93%
23 Creuse La Souterraine
87%
46 Lot Cahors
80%
18 Cher Vierzon
80%
46 Lot Gourdon
67%
36 Indre Issoudun
67%
46 Lot Souillac
53%
36 Indre Argenton-Sur-Creuse
40%
82 Tarn et Garonne Caussade
40%
19 Corrèze Uzerche
40%
Aucun quiz correspondant
Distribution des résultats
% des personnes avec chaque résultat
Percentile par nombre de réponses
Votre historique - résultats
Vous n’avez pas pris ce quiz